Legalis Fiscal

Detalles Bibliográficos
Formato: Revista
Lenguaje:catalán
Publicado: Barcelona : Editorial vLex, 2012-
Materias:
Acceso en línea:http://www.vlex.com/source/7661

MARC

LEADER 00000nas a22000007a 4500
005 20130326164156.0
007 cr|||| ||||
008 130326c2012 sp mr|p s|||| 0|||b1cat d
035 |a 7661 
040 |a vLex 
090 |c 4029  |d 4029 
245 0 0 |a Legalis Fiscal  |h [Recurso electrn̤ico] 
256 |a Servicio en ln̕ea  
260 |a Barcelona :  |b Editorial vLex,   |c 2012- 
300 |a 1 Recurso electrn̤ico 
506 |d vLex Global  |d vLex Global (Academic Edition, excluding Law Schools)  |d vLex Global (U.S. Academic Edition, Law Schools)  |d vLex Global (U.S. Academic Edition, excluding Law Schools)  |d vLex Global (Academic Edition, Law Schools) 
650 0 4 |a Derecho tributario  |v Revistas  |z Espaą 
740 |a vLex Revistas (Servicio en ln̕ea) 
856 |a Acceso restringido  |u http://www.vlex.com/source/7661 
942 |c REV 
999 0 |a Taxation